Statistics for Countries that have no permanent rivers

Click here to take the quiz!

General Stats

  • This quiz has been taken 21 times
  • The average score is 13 of 18

Answer Stats

Answer% Correct
Oman
89%
Yemen
89%
Qatar
84%
Saudi Arabia
84%
UAE
84%
Bahrain
79%
Kuwait
79%
Maldives
79%
Nauru
79%
Tuvalu
79%
Kiribati
74%
Marshall Islands
68%
Tonga
68%
Comoros
63%
Vatican
63%
Malta
58%
Monaco
58%
Bahamas
42%

Score Distribution

Percentile by Number Answered

Percent of People with Each Score

Your Score History

You have not taken this quiz